Relaciones de frontera entre los huicholes y sus vecinos mestizos : Santa Catarina y Huejuquilla el Alto /
Texto sobre las difíciles relaciones que a lo largo del tiempo han existido entre las comunidades huicholas y la sociedad mestiza del norte de Jalisco.
محفوظ في:
| المؤلف الرئيسي: | |
|---|---|
| مؤلفون آخرون: | |
| التنسيق: | كتاب |
| اللغة: | الإسبانية |
| منشور في: |
Guadalajara, México :
El Colegio de Jalisco,
2009, c2009
|
| سلاسل: | (Investigación El Colegio de Jalisco)
|
| الموضوعات: | |
| الوسوم: |
لا توجد وسوم, كن أول من يضع وسما على هذه التسجيلة!
|
MARC
| LEADER | 00000nam^a2200000^a^4500 | ||
|---|---|---|---|
| 001 | 000300010 | ||
| 005 | 20250521000000.0 | ||
| 009 | 20260310112455.175 | ||
| 020 | |a 978-607-7770-08-4 | ||
| 037 | |a Acervo ITESO - Biblioteca | ||
| 041 | |a ESP | ||
| 082 | |a 306. 0899745 |b TOR | ||
| 100 | |a Torres Contreras, José de Jesús |e (autor) | ||
| 245 | 1 | 0 | |a Relaciones de frontera entre los huicholes y sus vecinos mestizos : |b Santa Catarina y Huejuquilla el Alto / |c J.J. Torres Contreras ; pról. de C. Esteva-Fabregat. |
| 264 | 4 | |a Guadalajara, México : |b El Colegio de Jalisco, |c 2009, c2009 | |
| 300 | |a 473 p. | ||
| 336 | |a texto |b txt |2 rdacontenido | ||
| 337 | |a sin mediación |b n |2 rdamedio | ||
| 338 | |a volumen |b nc |2 rdasoporte | ||
| 440 | 1 | |a (Investigación El Colegio de Jalisco) | |
| 520 | |a Texto sobre las difíciles relaciones que a lo largo del tiempo han existido entre las comunidades huicholas y la sociedad mestiza del norte de Jalisco. | ||
| 649 | |a XX | ||
| 650 | |a Huicholes - |x Tema Principal | ||
| 650 | |a Huicholes - |x Condiciones Sociales y Culturales | ||
| 650 | |a Nahuas - |x Condiciones Sociales y Culturales | ||
| 650 | |a Indígenas de México - |z Jalisco - |x Condiciones Sociales y Culturales | ||
| 650 | |a Indígenas de México - |z Jalisco - |x Historia | ||
| 650 | |a Límites - |z Huejuquilla el Alto, Jalisco-Santa Catarina Cuexcomatitlán, Jalisco - |x Tema Principal | ||
| 650 | |a Prácticas Culturales - |z Jalisco | ||
| 650 | |a Prácticas Culturales - |z México | ||
| 650 | |a Relaciones Interculturales - |z Jalisco - |x Tema Principal | ||
| 650 | |a Relaciones Interculturales - |z México | ||
| 650 | |a Aculturación - |z Jalisco | ||
| 650 | |a Aculturación - |z México | ||
| 650 | |a Identidad Cultural - |z Jalisco | ||
| 650 | |a Identidad Cultural - |z México | ||
| 650 | |a Políticas Públicas - |z Jalisco | ||
| 650 | |a Políticas Públicas - |z México | ||
| 650 | |a Antropología Cultural | ||
| 650 | |a Santa Catarina Cuexcomatitlán, Jalisco - |x Tema Principal | ||
| 650 | |a Huejuquilla el Alto, Jalisco - |x Tema Principal | ||
| 700 | |a Esteva Fabregat, Claudio |e (prólogo) | ||
| 910 | |a Fondo General | ||
| 920 | |a Impresos - Libros | ||
| 930 | |a Colección General | ||
| 905 | |a 101 | ||
| 901 | |a 0500185639 |b IT1 |c ACC |i D52403 |u 20250521 | ||
| 902 | |a https://opac.biblio.iteso.mx/vufind/Record/000300010 | ||